Catalog

Record Details

Catalog Search



Znění ticha : filosofický esej o umění  Cover Image Book Book

Znění ticha : filosofický esej o umění / Jan Czech ; obálka a graf. úprava Milan Pašek

Czech, Jan, 1951- (Author). Pašek, Milan, 1955-1998 (Added Author).

Record details

  • ISBN: 80-901671-0-1
  • Physical Description: 93 s. : reprofotogr. ; 21 cm.
  • Edition: 1. vyd.
  • Publisher: Praha : Pražská scéna, 1994

Content descriptions

General Note:
Odkazy na lit
Pozn
Subject: eseje
filozofie umění
filosofie umění

Available copies

  • 1 of 1 copy available at Common Catalog SPOK.

Holds

  • 0 current holds with 1 total copy.
Show Only Available Copies
Location Call Number / Copy Notes Barcode Shelving Location Status Due Date
Jabok Library FL-3/Cz 424480005224 Odborná literatura Available -

LDR 01456cam a22004697a 4500
00115686
003CZ-PrJAB
00520200113103227.0
007ta
008051110s1994 xr |||||||||||000 e cze
015 . ‡acnb000088425
020 . ‡a80-901671-0-1
035 . ‡a(CZ PrSKC)000122959
035 . ‡a(OCoLC)39587244
040 . ‡aABA001 ‡bcze ‡cABA001 ‡dABD027 ‡dABD067 ‡ečnb
080 . ‡a7.01
1001 . ‡aCzech, Jan, ‡d1951- ‡7jk01020903 ‡4aut
24510. ‡aZnění ticha : ‡bfilosofický esej o umění / ‡cJan Czech ; obálka a graf. úprava Milan Pašek
250 . ‡a1. vyd.
260 . ‡aPraha : ‡bPražská scéna, ‡c1994
300 . ‡a93 s. : ‡breprofotogr. ; ‡c21 cm.
4901 . ‡aScéna
500 . ‡aOdkazy na lit
500 . ‡aPozn
65007. ‡aeseje ‡2ctt
65007. ‡afilozofie umění ‡2ctt
65004. ‡afilosofie umění
7001 . ‡aPašek, Milan, ‡d1955-1998 ‡7jo2002106256 ‡4410
830 0. ‡aScéna
910 . ‡aABG312
995 . ‡aska
901 . ‡a15686 ‡bCZ PrSKC ‡c15686 ‡tbiblio

Additional Resources